Rastiem, hrám sa a spoznávam svet /
Uložené v:
| Ďalší autori: | , |
|---|---|
| Médium: | Kniha |
| Jazyk: | Slovak French |
| Vydané: |
Bratislava :
Svojtka & Co.,
2017.
|
| Vydanie: | prvé slovenské vydanie |
| Témy: | |
| ISBN: |
9788056700457 (viaz.) |
| Fyzický popis: |
8 nečíslovaných strán : farebné ilustrácie ; 25 cm. |
| Tagy: |
Pridať tag
Žiadne tagy, Buďte prvý kto otaguje tento záznam!
|
Titul je dostupný aj v ... 

MARC
| LEADER | 00000nam a2200000 a 4500 | ||
|---|---|---|---|
| 001 | 000568310 | ||
| 005 | 20180206100815.0 | ||
| 008 | 171024s2017 xo a a 000 0 slo d | ||
| 020 | |a 9788056700457 (viaz.) | ||
| 040 | |a SVKKK |b slo |c SVKKK |e AACR2 | ||
| 041 | 1 | |a slo |h fre | |
| 044 | |a xo |c SK | ||
| 072 | 7 | |a 373.2/.3 |x Predškolská a primárna výchova a vzdelávanie |2 konspekt | |
| 072 | 7 | |a 0/9-053.2 |x Literatúra pre deti a mládež (náučná) |2 konspekt | |
| 080 | |a 159.955 |2 2011 | ||
| 080 | |a 379.82/.84 |2 2011 | ||
| 080 | |a (0.025.2) |2 2011 | ||
| 080 | |a (0.053.2) |2 2011 | ||
| 100 | 1 | |a Motuelle, Bérengère |4 ill | |
| 240 | 1 | 4 | |a Les premières notions - mon grand livre d´aprentissage. |l Slovensky |
| 245 | 1 | 0 | |a Rastiem, hrám sa a spoznávam svet / |c [ilustrácie: Bérengère Motuelle ; preklad Jitka Madarásová]. |
| 246 | 3 | 3 | |a Hrám sa a spoznávam svet |
| 250 | |a prvé slovenské vydanie | ||
| 260 | |a Bratislava : |b Svojtka & Co., |c 2017. | ||
| 300 | |a 8 nečíslovaných strán : |b farebné ilustrácie ; |c 25 cm. | ||
| 500 | |a Preložené z angličtiny | ||
| 500 | |a Kartónové strany | ||
| 500 | |a Názov z obalu | ||
| 521 | 1 | |a Pre deti od 3 rokov! | |
| 650 | 0 | 7 | |a rozvoj myslenia |2 SVKKKPH |
| 650 | 0 | 7 | |a zručnosti a znalosti |2 SVKKKPH |
| 655 | 7 | |a leporelá |2 SVKKKPH | |
| 655 | 7 | |a publikácie pre deti |2 SVKKKPH | |
| 700 | 1 | |a Madarásová, Jitka |4 trl | |
| 910 | |a svkkk | ||
| 919 | |a 978-80-567-0045-7 | ||
| 998 | |a BK | ||
| 090 | |g SCKHL |k Sklad Hlavná 10 prízemie |a V.236933 |j 1085457 |i 2720500001 |s Povinný výt. | ||